Datum a čas kvízu
33.5
Celkem bodů
Celkový počet nahraných bodů na tomto kvízu bez doplňovacích otázek.
4.
Pořadí na kvízu
Konečné umístění týmu na tomto kvízu.
Zaznamenané odpovědi
| # | Otázka | Odpověď | Body | Výsledky |
|---|---|---|---|---|
| 1. | V pondělí se konal ustavující... | GEN | 1 | |
| 2. | Mladý chirurg z Tchaj-peje si... | C) vasektomii (sterilizaci) | 1 | |
| 3. | Ministerstvo kultury učinilo d... | C) česká pivní kultura | 0 | |
| 4. | Jak se nazývá zvířecí znamení... | had | 1 | |
| 5. | O víkendu proběhly v Ostravě k... | (Jižní) Korea, Tomáš Berdych | 1 | |
| 6. | Začneme největšími společnými... | (Vše)sokolský slet, Spartakiáda | 1 | |
| 7. | Tento taneční fitness program... | zumba | 0 | |
| 8. | Tato cvičební metoda se snaží... | Pilates | 1 | |
| 9. | Bikram jóga je speciální druh... | C) cvičí se v sále vyhřátém na 42 °C | 0 | |
| 10. | Jak se jmenuje tato 55letá žen... | Olga Studničková (Šípková) | 0 |